Stochastic thoery of service systems (Record no. 12326)

000 -LEADER
fixed length control field 00487nam a22001937a 4500
001 - CONTROL NUMBER
control field 12326
003 - CONTROL NUMBER IDENTIFIER
control field BD-DhUET
008 - FIXED-LENGTH DATA ELEMENTS--GENERAL INFORMATION
fixed length control field 150225b xxu||||| |||| 00| 0 eng d
020 ## - INTERNATIONAL STANDARD BOOK NUMBER
International Standard Book Number 0080169481
040 ## - CATALOGING SOURCE
Original cataloging agency DLC
Transcribing agency DLC
Modifying agency BD-DhUET
082 ## - DEWEY DECIMAL CLASSIFICATION NUMBER
Classification number 658.4032
Item number KOS/1973
100 ## - MAIN ENTRY--PERSONAL NAME
Personal name Kosten, L.
245 ## - TITLE STATEMENT
Title Stochastic thoery of service systems
250 ## - EDITION STATEMENT
Edition statement 1st ed.
260 ## - PUBLICATION, DISTRIBUTION, ETC. (IMPRINT)
Place of publication, distribution, etc. Oxford
Name of publisher, distributor, etc. Pergamon Press
Date of publication, distribution, etc. 1973
300 ## - PHYSICAL DESCRIPTION
Extent xii, 168 p.
Other physical details ill.
Dimensions 18 cm.
650 #0 - SUBJECT ADDED ENTRY--TOPICAL TERM
Topical term or geographic name as entry element Quening theory
942 ## - ADDED ENTRY ELEMENTS (KOHA)
Koha item type General Book
Holdings
Date acquired Withdrawn status Koha normalized classification for sorting Koha full call number Koha date last seen Sublocation or collection (holding branch) Piece designation (barcode) Koha item type Source of classification or shelving scheme Not for loan Price effective from Shelving location Lost status Copy number Damaged status Location (home branch)
2015-02-25 658_403200000000000_KOS_1973658.4032/KOS/19732015-02-25Central Library, BUET43918General Book  2015-02-25Circulation section 1 Central Library, BUET
2015-02-28 658_403200000000000_KOS_1973658.4032/KOS/19732015-02-28Central Library, BUET43919General Book  2015-02-28Circulation section 2 Central Library, BUET